| 000 | 00399nam a22001457a 4500 | ||
|---|---|---|---|
| 003 | BD-DhBUF | ||
| 005 | 20230306122156.0 | ||
| 008 | 191105b ||||| |||| 00| 0 eng d | ||
| 040 |
_aBD-DhBUF _cBD-DhBUF |
||
| 245 |
_aQuality management in the apparel industry / _cby A.J.S.M Khaled |
||
| 260 |
_aDhaka : _bA.J.S.M Khaled, _c2004 |
||
| 526 | _aAMT | ||
| 650 |
_aApparel _vindustry _9748 |
||
| 942 |
_2ddc _cBK |
||
| 999 |
_c862 _d862 |
||